1006 1801 1609 1211 1006 1293 1431 1130 1989 1727 1219 1440 1676 1348 1259 1755 1996 1771 1968 1347 1934 1857 1068 1590 1008 1249 1620 1482 1501 1009 1523 1026 1320 1122 1780 1262 1109 1079 1106 1235 1986 1343 1173 1902 1656 1435 1676 1697 1258 1283 1289 1751 1665 1578 1499 1887 1298 1089 1055 1146 1902 1890 1041 1573 1406 1337 1402 1094 1918 1838 1485 1901 1954 1254 1981 1720 1981 1460 1195 1322 1890 1296 1748 1357 1062 1081 1919 1330 1973 1881 1985 1836 1208 1989 1329 1005 1970 1510 1694 BCNSPRNW ULIB Ver.6.0+V

เปลี่ยนเป็นภาษาไทย

Change to English
 แสดงรายละเอียดบรรณานุกรม
  กลับหน้าหลัก

Brief Record : Get Marc (ISO 2709) : E-mail record : QR code < ปิดหน้าต่าง
LEADER : 00000nam 2200000uu 4500
001    13399113148
003     ULIB
008    110928s2549||||th 000 0 tha d
020    9741325533
020    9789741325535
050  4 QA76.75^bก411ก 2549
100 0  กัลยา วานิชย์บัญชา
245 10 การวิเคราะห์สถิติขั้นสูงด้วย SPSS for Windows /^cกัลยา วานิชย์บัญชา
250    พิมพ์ครั้งที่ 5
260    กรุงเทพฯ :^bกรุงเทพฯ :^bภาควิชาสถิติ คณะพาณิชยศาสตร์และการบัญชี จุฬาลงกรณ์มหาวิทยาลัย,^c2549
300    260 หน้า :^bภาพประกอบ ;^c26 ซม.
650  4 เอสพีเอสเอส (โปรแกรมคอมพิวเตอร์)
650  4 เอสพีเอสเอสสำหรับวินโดวส์
650  4 การประมวลผลข้อมูลอิเล็กทรอนิกส์
650  4 สถิติ^xการประมวลผลข้อมูล
710 2  จุฬาลงกรณ์มหาวิทยาลัย. ^bคณะพาณิชยศาสตร์และการบัญชี.^bภาควิชาสถิติ
945    ^p230^l0^i016887
945    ^p230^l0^i016890
945    ^p230^l0^i022247
945    ^p230^l0^i022248
945    ^p230^l0^i025823
945    ^p230^l0^i025824
995    ทศพร
999 ^a ทศพร
รายการนี้ยังไม่มีแท็ก
คุณยังไม่ได้ล็อกอิน คุณสามารถมีกิจกรรมร่วมกับเว็บไซต์ได้ แต่ต้องล็อกอินก่อน ::
  ล็อกอิน

รายการสื่อสารสนเทศ

ลำดับที่ ประเภท เลขเรียก/บาร์โค้ด สถานที่ สถานะ
- ไม่พบข้อมูล -

รายการใกล้เคียง
    ผู้แต่ง [กัลยา วานิชย์บัญชา]

    หัวเรื่อง [เอสพีเอสเอส (โปรแกรมคอมพิวเตอร์)]
    หัวเรื่อง [เอสพีเอสเอสสำหรับวินโดวส์]
    หัวเรื่อง [การประมวลผลข้อมูลอิเล็กทรอนิกส์]

BibComment


ยังไม่เคยถูกคอมเมนท์

คอมเมนท์ทรัพยากรรายการนี้
  คอมเมนท์: การวิเคราะห์สถิติ..


 Copyright 2026. Bcnsprnw @Library